000 00901nam a22002777a 4500
001 32185
003 UA-OsUOA
005 20220210130250.0
007 ta
008 20050125b un ||||| |||| 00| 0 ukr d
020 _a9665131001
040 _aUA-OsUOA
_bukr
_cUA-OsUOA
_dUA-OsUOA
041 _aukr
044 _aUA
080 _a94(477)(092)
090 _a94(477)(092)
_bП68
100 _aПріцак О.
245 _aПоходження Русі: стародавні скандинавські джерела (крім ісландських саг)
_cО. Пріцак ; ред. О. Мишанич, пер. О. Буценко, Ю. Олійник
260 _aКиїв
_bОбереги
_c1997
300 _a1080 с.
505 _gТ. І
650 7 _2UDC
_a94 Історія
942 _cBK
_2udc
955 _a2
999 _c318624
_d318624